000
00283nam a2200097Ia 4500
008
220204s9999 xx 000 0 und d
082
_a
354.53
_b
IND.2
245
0
_a
Report of the health survey and planning committee. V 2.
260
_a
Delhi
_b
Manager of Publications
_c
1962
942
_c
BK
999
_c
19536
_d
19536